| 000 | 01193nam2a22002651 4500 | ||
|---|---|---|---|
| 001 | v19\rc\1231728 | ||
| 005 | 20250620051754.0 | ||
| 035 | _a(NLR Aleph) 005188056 | ||
| 090 |
_a5184219 _c5184219 |
||
| 100 | _a20060306d1881 |||y0rusy50 ca | ||
| 101 | 0 | _arus | |
| 102 | _aRU | ||
| 105 | _ay z ||||| | ||
| 200 | 0 |
_a1881 года 12 и 15 мая _e№ 79 |
|
| 210 |
_dценз. 1881 _aБ. м. |
||
| 215 | _a6 с. | ||
| 461 | 0 |
_1001v19\rc\1231726 _12001#$aПротокол заседаний Съезда представителей железных дорог I группы. С.-Петербург ...$v1881 года 12 и 15 мая _95184201 _aСъезд представителей ж. д. I группы (Петербург-Рига) _cРига _dценз. 1881-1897 _tПротокол заседаний Съезда представителей железных дорог I группы. С.-Петербург ... _v1881 года 12 и 15 мая |
|
| 801 | 0 |
_aRU _bNLR _c20060306 _gpsbo |
|
| 801 | 1 |
_aRU _bProSoft-M _c20060306 _2rusmarc |
|
| 801 | 2 |
_aRU _bNLR _c20060320 _2rusmarc |
|
| 852 |
_aNLR _j18.394.1.215 |
||
| 852 |
_aNLR _j134/1000(2) |
||
| 942 | _cBOOK | ||
| 980 | _aNB | ||